Prostranstva S. L. Soboleva
Enregistré dans:
| Auteur principal: | |
|---|---|
| Format: | Livre |
| Langue: | russe |
| Publié: |
Leningrad :
Leningradskij universitet,
1985
|
| Édition: | 1. vyd. |
| Sujets: | |
| Tags: |
Pas de tags, Soyez le premier à ajouter un tag!
|
MARC
| LEADER | 00000nam a22000003a 4500 | ||
|---|---|---|---|
| 001 | stu124697 | ||
| 005 | 20150617225903.0 | ||
| 008 | 060817s1985----xxr-----------------rus-d | ||
| 040 | |a STU |b slo | ||
| 041 | 0 | |a rus | |
| 044 | |a xxr | ||
| 080 | |a 517.98 | ||
| 080 | |a 517.5 | ||
| 100 | 1 | |a Mazja, Vladimir Gilelevič |4 aut | |
| 245 | 1 | |a Prostranstva S. L. Soboleva | |
| 250 | |a 1. vyd. | ||
| 260 | |a Leningrad : |b Leningradskij universitet, |c 1985 | ||
| 300 | |a 415 s | ||
| 650 | 7 | |a funkcionálna analýza |2 stusub | |
| 996 | |b E57949 |c E*57949 |l EE03 |s P |a 0 |w stu124697_0003 | ||